Score 0/30 Timer 08:00
0 Plays Today
% Correct
Purple Rain
87.3%
Singin' in the Rain
86.7%
Rain Man
85.4%
Pitch Perfect
84.7%
The Boy in the Striped Pajamas
71.5%
The Perfect Storm
70.8%
About a Boy
69.6%
Road to Perdition
68.5%
Talladega Nights: The Ballad of Ricky Bobby
68.2%
Tommy Boy
67.9%
Abraham Lincoln: Vampire Hunter
64.7%
The Bounty Hunter
63.6%
Road Trip
57.1%
Boogie Nights
55.1%
Revolutionary Road
52.7%
% Correct
The Deer Hunter
50.9%
Six Days, Seven Nights
39.8%
The Last Boy Scout
35.7%
Grandma's Boy
28.5%
40 Days and 40 Nights
25.5%
Glory Road
24.9%
The Troll Hunter
23.8%
Black Rain
23.5%
Hard Rain
20.2%
The Night of the Hunter
18.4%
A Perfect World
16%
Arlington Road
15.9%
A Perfect Getaway
7.2%
Perfect Sense
4.2%
My Blueberry Nights
3.3%
Remove Ads.
Support Sporcle.
Get the best of Sporcle when you Go Orange. This ad-free experience offers more features, more stats, and more fun while also helping to support Sporcle. Thank you for becoming a member.

You're not logged in!

Compare scores with friends on all Sporcle quizzes.
OR
Log In

Show Comments

Extras

Top Quizzes Today


Score Distribution

Your Account Isn't Verified!

In order to create a playlist on Sporcle, you need to verify the email address you used during registration. Go to your Sporcle Settings to finish the process.

Report this User

Report this user for behavior that violates our Community Guidelines.

Details: